00463nam a2200133 i 450000100060000000300090000600500170001500700030003200800410003510000440007624501500012026000340027085200250030461064ES-MaACL20230906164347.0t|031110s1902 sp ||||1| spa d1 aEstalella Graells, José (d1879-1938)13aLa transparencia de la materia para los rayos X y su aplicación a la elección de pesos atómicos b: memoria / cJosé Estalella y Graells. aBarcelona : b[s.n.], c1902. aES-MaACLjT-1043-F-3